Contabilidad Fiscal (Registro nro. 159058)
[ vista simple ]
| 000 -LEADER | |
|---|---|
| fixed length control field | 00980ny a22002413n 4500 |
| 008 - FIXED-LENGTH DATA ELEMENTS--GENERAL INFORMATION | |
| fixed length control field | 100323s mx 000 0 spa d |
| 020 ## - INTERNATIONAL STANDARD BOOK NUMBER | |
| International Standard Book Number | 9786074400458 |
| 035 ## - | |
| -- | 4690 |
| 040 ## - CATALOGING SOURCE | |
| Original cataloging agency | BUS |
| Modifying agency | vLex |
| 090 ## - | |
| -- | 534 |
| -- | 534 |
| 100 1# - MAIN ENTRY--PERSONAL NAME | |
| Personal name | Pérez Chávez, José |
| 245 10 - TITLE STATEMENT | |
| Title | Contabilidad Fiscal |
| Medium | [Recurso electrónico] |
| Statement of responsibility, etc | José Pérez Chavez ; Eladio Campero Guerrero |
| 256 ## - | |
| -- | Servicio en línea |
| 260 ## - PUBLICATION, DISTRIBUTION, ETC. (IMPRINT) | |
| Place of publication, distribution, etc | México : |
| Name of publisher, distributor, etc | Tax Editores , |
| Date of publication, distribution, etc | 2009 |
| 300 ## - PHYSICAL DESCRIPTION | |
| Extent | v. |
| 506 1# - RESTRICTIONS ON ACCESS NOTE | |
| Terms governing access | Contenido solo disponible en los productos indicados |
| Authorized users | vLex Global |
| -- | vLex Global (Academic Edition, excluding Law Schools) |
| -- | vLex Global (U.S. Academic Edition, Law Schools) |
| -- | vLex Global (U.S. Academic Edition, excluding Law Schools) |
| -- | vLex Global (Academic Edition, Law Schools) |
| 650 04 - SUBJECT ADDED ENTRY--TOPICAL TERM | |
| Topical term or geographic name as entry element | Contabilidad fiscal |
| 700 ## - ADDED ENTRY--PERSONAL NAME | |
| Personal name | Campero Guerrero, Eladio |
| 740 0# - | |
| -- | vLex Libros (Servicios en línea) |
| 856 40 - LOCALIZACIÓN Y ACCESO ELECTRÓNICO | |
| Identificador Uniforme del Recurso (URI/URL) | https://app.vlex.com/#/sources/4690 |
| 942 ## - | |
| -- | RAA |
| 999 ## - | |
| -- | 159058 |
| -- | 159058 |
No hay ítems disponibles.